[Event "11th Mumbai Mayors Cup 2018"]
[Site "Mumbai"]
[Date "2018.06.04"]
[Round "2"]
[White "Sandipan, Chanda"]
[Black "Kushagra Mohan"]
[Result "1-0"]
[WhiteElo "2571"]
[BlackElo "2308"]
[Annotator "TA"]
[PlyCount "99"]
[EventDate "2018.??.??"]
[EventType "swiss"]
[EventCountry "IND"]
[SourceTitle "playchess.com"]
[Source "ChessBase"]
[SourceQuality "1"]

{[%evp 19,99,45,43,28,35,16,50,36,26,0,0,12,104,97,91,99,108,89,79,83,130,141,114,140,135,127,110,112,145,145,236,212,223,230,229,221,191,35,66,43,45,49,48,0,0,0,0,0,237,246,264,205,255,228,227,234,233,164,248,237,395,389,1066,1015,847,156,1786,1712,1713,1491,1558,1443,1154,1029,4133,2839,29974,29972,29976,29977,29989,29990]} 1. d4 Nf6 2. c4 g6 3. Nc3 Bg7 4. e4 d6 5. Be2 O-O 6. Bg5 c5 7. d5 h6 8. Be3 e6 9. Qd2 exd5 10. exd5 Kh7 {LiveBook: 57 Games} 11. h4 {[%cal Bh2h4,Bh4h5][%mdl 32] E74: King's Indian: Averbakh Variation: 6...c5} (11. h3 Re8 12. Bd3 b5 13. Nxb5 Ne4 14. Bxe4 Rxe4 15. Rc1 a6 16. Nc3 Rxc4 17. a3 Nd7 18. Nf3 a5 19. O-O Qb6 20. Qc2 Rb8 {½-½ (38) Ponomariov,R (2723)-Grischuk,A (2752) Beijing 2011}) 11... Re8 12. h5 $146 ({Predecessor:} 12. O-O-O a6 13. Nh3 b5 14. h5 g5 15. Nxg5+ hxg5 16. Bd3+ Kh8 17. h6 Bf8 18. Bxg5 Be7 {½-½ (47) Nagl,F (2235)-Watzka,H (2325) Austria 1992}) 12... g5 $1 13. Nf3 {White is slightly better.} Ng4 14. Nxg5+ $1 hxg5 15. Bxg5 Bf6 (15... Bxc3 $1 $11 {keeps the balance.} 16. bxc3 f6) 16. Bxf6 $16 Qxf6 17. O-O-O Qh6 18. Bxg4 Bxg4 19. f3 Qxd2+ 20. Kxd2 Bd7 21. Rde1 f5 22. Rxe8 Bxe8 23. Re1 Na6 24. g4 Rc8 (24... Kh6 $16 {was necessary.}) 25. Re6 $18 (25. gxf5 Bxh5 26. Rh1 Kh6) 25... Rd8 26. gxf5 Bxh5 27. Ne4 Kg7 28. f4 $2 ({Not} 28. Rxd6 Rxd6 29. Nxd6 b6 $11) ({Much less strong is} 28. Nxd6 $6 Nc7 $14) ({White should try} 28. Re7+ $18 Kh6 29. f4 (29. Rxb7 Bxf3 30. Nc3 Bg4 $14)) 28... Bf7 29. Re7 Re8 $1 {[%cal Re8e7]} 30. f6+ Kf8 31. Rxe8+ (31. Nxd6 $5 {[%cal Re7f7]} Rxe7 32. fxe7+ Kxe7 33. Nxb7 $14) 31... Bxe8 32. Nxd6 b6 $1 33. Ke3 ({Reject} 33. Nxe8 Kxe8 34. Ke3 Kf7 $17) 33... Nb8 $2 (33... Bd7 $11 {and Black has nothing to worry.}) 34. Ke4 {[%mdl 1024] White has strong compensation.} Nd7 35. Kf5 Bf7 36. b3 a6 37. a4 $1 Kg8 38. Ne4 $1 Kf8 39. Ng5 Kg8 $2 {[#]} (39... Ke8 40. Nf3 Nf8) 40. Nf3 $1 Bh5 $2 (40... Kf8 41. Ne5 Ke8) 41. Ne5 Nf8 {[#]} 42. d6 $2 (42. Kg5 $1 $18 {[%cal Rg5h5] and the rest is easy.} Bf7 43. Kh6) 42... Be8 $2 {[#]} (42... Bf7 $16) 43. f7+ $1 {[%mdl 512]} Bxf7 44. Kf6 Be6 45. Ke7 Bf5 46. d7 Ne6 47. Kf6 Bh3 48. f5 {[%cal Bf4f5,Bf5f6][%mdl 32] White mates.} Nd8 49. Ke7 Nb7 50. f6 {Precision: White = 76%, Black = 29%.} 1-0

[Event "11th Mumbai Mayors Cup 2018"]
[Site "Mumbai"]
[Date "2018.06.04"]
[Round "2"]
[White "Tukhaev, Adam"]
[Black "Raja Rithvik R"]
[Result "1/2-1/2"]
[WhiteElo "2557"]
[BlackElo "2296"]
[Annotator "TA"]
[PlyCount "62"]
[EventDate "2018.??.??"]
[EventType "swiss"]
[EventCountry "IND"]
[SourceTitle "playchess.com"]
[Source "ChessBase"]
[SourceQuality "1"]

{[%evp 22,62,17,20,27,16,32,5,18,27,33,0,-4,-56,-27,-32,-43,-80,12,13,12,12,20,20,14,38,71,52,93,0,8,-52,-44,-63,-55,-52,-52,-58,-39,-56,-56,-44,-37]} 1. e4 c5 2. Nf3 d6 3. d4 cxd4 4. Nxd4 Nf6 5. Nc3 a6 6. Be2 e5 7. Nb3 Be7 8. O-O O-O 9. Kh1 Nc6 {[%cal Bb8c6,Bc6a5,Ba5c4,Bc4b6,Bb6d5,Bd5e3][%mdl 32] B92: Sizilianisch (Najdorf-Variante mit 6.Le2)} (9... b6 10. f3 Bb7 11. a4 Nc6 12. Bg5 Nb4 13. Nb1 h6 14. Bxf6 Bxf6 15. Na3 Qc7 16. c3 Nc6 17. Nc4 Rfd8 18. Qd3 Ne7 19. Qe3 {½-½ (39) Ivanchuk,V (2747)-Vachier Lagrave,M (2804) Doha 2016}) 10. f3 Be6 11. Nd5 Bxd5 12. exd5 {LiveBook: 10 Partien} Na5 13. c4 $146 ({Vorgänger:} 13. Be3 Nxb3 14. axb3 Nd7 15. Qd2 f5 16. g3 Bf6 17. c4 {½-½ (34) Dudys,J (2137)-Krzyzanowski,M (2372) Chotowa 2009}) 13... Rc8 14. Nd2 {Und b4 würde nun gewinnen.} b5 $1 15. cxb5 axb5 16. b4 Nc4 17. Nb1 ({Besser ist} 17. Nxc4 $11 bxc4 18. Be3) 17... Nb6 18. Bxb5 {und nun wäre Lc6 stark für Weiss.} Nbxd5 19. Qd2 {[#]} Qb6 ({Günstiger ist} 19... Nc7 $1 $17 {[%cal Rc7b5]} 20. Bd3 d5) 20. a4 $11 {[%cal Ba2a4,Ba4a5][%mdl 32]} Qd4 21. Qxd4 exd4 22. Bd2 Ne3 23. Rg1 d5 24. a5 Nc4 25. Ba6 (25. a6 $16) 25... Ra8 $36 {[%mdl 2048] Schwarz kämpft um Vorteil.} 26. b5 (26. Bb7 $11) 26... Ra7 $15 {Schwarz steht etwas besser.} 27. Be1 Nd7 $1 28. Bf2 Bc5 29. Rd1 {[#]} d3 $1 {[%mdl 512]} 30. Kg1 (30. Rxd3 Bxf2) 30... Bxf2+ 31. Kxf2 Nc5 {Precision: Weiß = 44%, Schwarz = 54%.} 1/2-1/2

[Event "11th Mumbai Mayors Cup 2018"]
[Site "Mumbai"]
[Date "2018.06.04"]
[Round "2"]
[White "Erigaisi Arjun"]
[Black "Ziatdinov, Raset"]
[Result "1-0"]
[WhiteElo "2505"]
[BlackElo "2281"]
[Annotator "TA"]
[PlyCount "91"]
[EventDate "2018.??.??"]
[EventType "swiss"]
[EventCountry "IND"]
[SourceTitle "playchess.com"]
[Source "ChessBase"]
[SourceQuality "1"]

{[%evp 12,91,16,14,63,68,64,76,93,93,87,16,22,8,2,16,15,11,22,4,54,38,61,47,29,33,43,31,50,16,133,41,88,82,96,96,142,136,145,143,168,147,189,197,257,13,16,-197,-151,-185,-90,-526,-533,-520,-345,-343,-343,-333,-331,-505,-443,-720,-101,-102,-91,-91,47,33,145,140,147,148,659,552,1333,1306,1296,1240,1226,1183,1123,1080]} 1. c4 e5 2. Nc3 Nc6 3. Nf3 f5 4. d3 Nf6 5. g3 Be7 (5... Bb4 6. Bg2 Bxc3+ 7. bxc3 d6 8. O-O O-O 9. Rb1 Qe8 10. Qb3 b6 11. Nh4 Na5 12. Qa3 Rb8 13. Be3 f4 14. gxf4 Qh5 15. Nf3 Bh3 16. Bxh3 Qxh3 17. Kh1 {½-½ (37) Svidler,P (2753)-Carlsen,M (2881) Stavanger 2014}) 6. Bg2 {A27: Englische Eröffnung (Holländische Struktur)} O-O 7. O-O {LiveBook: 14 Partien} Qe8 8. Nd5 $1 {[%cal Rd5c7] Weiß steht etwas besser.} Bd8 9. Bg5 $1 d6 10. Bxf6 $1 gxf6 11. Nh4 $146 (11. e3 $16) ({Vorgänger:} 11. e3 Kh8 12. Nh4 Ne7 13. Qf3 Ng6 14. Nxf5 c6 15. Nc3 Bc7 16. e4 Be6 {1-0 (49) Scepanovic,L (2187)-Petrovic,M (1926) Senta 2013}) 11... f4 $1 $11 12. gxf4 Qh5 $1 {[%cal Rh5h4]} 13. Nf3 Kh8 14. Kh1 Rg8 15. Rg1 $36 {[%mdl 2048] Weiss steht aktiver.} Bg4 16. Ne3 f5 17. fxe5 dxe5 18. Nxg4 Rxg4 19. Nd2 Rh4 {[%csl Gh5][%cal Rh4h2]} 20. Nf1 {Db3 ist eine echte Drohung.} Qh6 (20... e4 $1 $11 21. dxe4 fxe4) 21. e3 ({Lieber} 21. Bd5 $1 $16 {[%csl Gd5][%cal Rg1g8]} Bg5 22. Qa4) 21... Bg5 22. Bd5 Ne7 23. Bxb7 Rb8 24. Bf3 Rxb2 25. Rg2 {zielt auf Tb1 ab.} Rh3 26. Be2 Qc6 27. Rb1 Rxa2 (27... Rxb1 $142 28. Qxb1 h6 29. Qb8+ Kh7) 28. f4 $2 (28. d4 $18) 28... exf4 {Weiss muss nun ...f3 beachten.} 29. exf4 $2 (29. d4 $11 Qe4 30. exf4 Qxf4 31. Ng3) 29... Ng6 $1 $19 {[%cal Rg6f4,Be7g6,Bg6h4,Bh4g2,Bg2e3][%mdl 32]} 30. d4 Bxf4 (30... Nxf4 $19 {[%csl Gf4][%cal Rc6g2]} 31. d5 (31. Rb8+ $2 Kg7 $19) 31... Qf6) 31. Ra1 $2 {[%mdl 8192] [#]} (31. d5 $17 {ist zäher.} Qf6 32. c5) 31... Rd2 $1 {[%cal Rd2d1][%mdl 512]} 32. Qe1 {beabsichtigt d5.} (32. Nxd2 Rxh2+) 32... Nh4 {[%csl Gh4][%cal Rc6g2]} 33. d5 Nxg2 34. Qxd2 Qf6 (34... Bxd2 $2 {geht unter.} 35. dxc6 Nf4 36. Nxd2 $18) 35. Qb4 (35. Ra6 $142 Qxa6 36. Qb2+ Kg8 37. Kxg2) 35... Ne3 36. Ra3 (36. Ra6 $142 Bd6 37. Rxd6 Qxd6 38. Qxd6 cxd6 39. c5 Nxd5 40. cxd6) 36... Kg7 $2 (36... Qh6 $1 $19 {[%cal Rh3h2] ist viel giftiger.} 37. Bh5 Rxh5 38. Qb2+ Kg8 39. Rxe3 Bxe3 40. Qb8+ Qf8 41. Qxf8+ Kxf8 42. Nxe3 a5) 37. Qa4 $17 Qe7 {( -> ...De4+)} 38. c5 {[%cal Bc4c5,Bc5c6,Bc6c7][%mdl 32] [#]} Bg5 ({Viel schlechter ist} 38... Qxc5 $6 39. Qd7+ Kh8 40. Qd8+ Kg7 41. Qd7+ Kg8 42. Qe6+ Kg7 43. Qd7+ $11) (38... Rh4 $1 $17 {Und weiter mit ...Sxf1 wäre nett.} 39. d6 cxd6 40. Nxe3 Rxh2+ 41. Kg1 Qe5) 39. Qd4+ $14 Qf6 (39... Kf7 $1 $14 40. d6 cxd6) 40. Qxf6+ $16 Kxf6 {[#]} 41. d6 $1 {[%cal Rd6c7]} cxd6 $2 {[%mdl 8192]} (41... c6 $16) 42. c6 $18 {Weiß steht klar auf Gewinn.} Ng4 43. Rxh3 Nf2+ 44. Kg2 Nxh3 45. c7 Nf4+ 46. Kf3 {Precision: Weiß = 52%, Schwarz = 31%.} 1-0

[Event "11th Mumbai Mayors Cup 2018"]
[Site "Mumbai"]
[Date "2018.06.04"]
[Round "2"]
[White "Neverov, Valeriy"]
[Black "Tiwari, Arjun"]
[Result "1-0"]
[WhiteElo "2492"]
[BlackElo "2268"]
[Annotator "TA"]
[PlyCount "89"]
[EventDate "2018.??.??"]
[EventType "swiss"]
[EventCountry "IND"]
[SourceTitle "playchess.com"]
[Source "ChessBase"]
[SourceQuality "1"]

{[%evp 12,89,27,20,58,52,56,45,57,53,56,47,114,115,118,117,115,114,116,105,125,127,137,135,153,145,157,159,174,152,150,139,154,136,136,126,114,79,88,82,77,69,81,68,81,70,87,66,64,28,39,51,45,41,82,20,278,275,255,238,364,169,163,22,21,18,66,70,71,72,368,344,576,556,5022,5018,29983,29984,29987,29988]} 1. d4 Nf6 2. c4 g6 3. Nc3 Bg7 4. e4 d6 5. f3 O-O 6. Be3 a6 7. Bd3 {LiveBook: 169 Games} e5 {E81: King's Indian: Sämisch: 6th move deviations (including 6 Be3 c6)} (7... c6 8. Nge2 b5 9. O-O bxc4 10. Bxc4 d5 11. Bb3 a5 12. Kh1 Ba6 13. Rc1 e6 14. Bg5 h6 15. Bh4 g5 16. Bf2 Nbd7 17. e5 {½-½ (101) Topalov,V (2760)-Nakamura,H (2779) Saint Louis 2016}) 8. d5 Nh5 9. Nge2 f5 {White is slightly better.} 10. Qd2 f4 11. Bf2 g5 $146 (11... b6 $14) ({Predecessor:} 11... Qg5 12. g4 Bxg4 13. h4 Bxf3 14. hxg5 Bxh1 15. O-O-O Bg2 {1-0 (32) Bakker,S (2257)-Henry,H (1670) Marseille 2005}) 12. g4 $16 Nf6 13. h4 h6 14. O-O-O Nbd7 15. Kb1 Rf7 16. Nc1 Bf8 17. Bc2 Qe8 18. Ba4 Rb8 19. Nd3 Rh7 20. hxg5 hxg5 21. Rxh7 Nxh7 22. c5 dxc5 23. Nxc5 b5 24. Nxd7 Bxd7 25. Bb3 Bd6 26. Rh1 Qg6 27. Qe2 Nf6 28. Be1 Kg7 29. Qh2 a5 30. Nd1 a4 31. Bc2 b4 32. b3 axb3 33. axb3 (33. Bxb3 $16 Bb5 34. Nb2) 33... c6 $2 {[%mdl 8192] [#]} (33... Ra8 $11 {and Black stays safe.}) 34. Nb2 $1 $18 {[%cal Rb2c4] aiming for Nc4.} Bc5 {[#]} 35. Bf2 $1 {[%cal Rf2c5]} Bxg4 (35... Bxf2 $142 36. Qxf2 Rh8 37. Rxh8 Kxh8) 36. Bxc5 ({Weaker is} 36. dxc6 Bxf3 37. Bxc5 Bxe4 $16) (36. Nc4 $142 Bxf3 37. Nxe5 (37. Bxc5 Bxh1 38. Qxh1 cxd5 $16)) 36... Bxf3 37. Bd6 (37. dxc6 $18 Bxe4 38. Nc4) 37... Re8 $1 $11 {...Ng4 is the strong threat.} 38. Rg1 ({Reject} 38. dxc6 Ng4 $17) 38... cxd5 39. exd5 Be4 40. Nc4 Nxd5 $2 {[%mdl 8192]} (40... Bxc2+ $16 {might work better.} 41. Qxc2 Qxc2+ 42. Kxc2 Kg6) 41. Bxe5+ Rxe5 $2 (41... Nf6 {was called for.} 42. Bxf4 Bxc2+ 43. Qxc2 Nh7) 42. Nxe5 $18 Nc3+ 43. Kb2 Qf6 44. Qh5 Na4+ 45. Kc1 {Precision: White = 54%, Black = 40%.} 1-0

[Event "11th Mumbai Mayors Cup 2018"]
[Site "Mumbai"]
[Date "2018.06.04"]
[Round "2"]
[White "Karthikeyan, P.."]
[Black "Pranav Vijay"]
[Result "1/2-1/2"]
[WhiteElo "2456"]
[BlackElo "2265"]
[Annotator "TA"]
[PlyCount "147"]
[EventDate "2018.??.??"]
[EventType "swiss"]
[EventCountry "IND"]
[SourceTitle "playchess.com"]
[Source "ChessBase"]
[SourceQuality "1"]

{[%evp 16,147,0,-7,18,13,1,0,0,0,60,12,10,0,56,64,68,26,47,42,58,11,14,22,9,4,1,0,0,0,129,20,34,22,32,37,36,33,36,0,96,92,100,89,95,47,46,48,40,40,97,100,100,0,6,0,181,171,172,178,268,268,286,279,268,269,411,292,400,388,449,448,447,441,429,423,406,362,355,331,366,358,521,254,276,274,267,141,147,93,108,0,0,0,428,396,394,360,684,650,1358,1353,1123,1091,821,692,556,206,195,145,133,14,155,144,127,127,145,144,239,185,195,0,155,15,16,15,297,18,20,0,275,0,22,0]} 1. d4 Nf6 2. c4 e6 3. g3 Bb4+ 4. Nd2 d5 5. Bg2 O-O 6. Qc2 b6 7. Ngf3 Bb7 8. O-O Nbd7 9. b3 {LiveBook: 8 Games. E16: Queen's Indian: 4 g3 Bb7 5 Bg2 Bb4+} (9. Rd1 c5 10. cxd5 exd5 11. dxc5 bxc5 12. a3 Ba5 13. e3 Qe7 14. b3 Rac8 15. Bb2 Rfe8 16. Nh4 Qe6 17. Rac1 {0-1 (54) Quintiliano Pinto,R (2484)-Bu,X (2705) Doha 2016}) 9... Bd6 10. Bb2 Rc8 11. Rad1 $146 ({Predecessor:} 11. Ne5 c5 12. Nxd7 Nxd7 13. Qc3 cxd4 14. Qd3 e5 15. cxd5 Nc5 16. Qf3 f5 {½-½ (58) Pessi,J (2245)-Rantala,J (2145) Finland 1998}) 11... c5 12. dxc5 bxc5 (12... Bxc5 $11 13. Qd3 Qe7) 13. e3 Qc7 14. Rfe1 Rfd8 (14... Rfe8 $11) 15. cxd5 $14 exd5 16. e4 dxe4 17. Ng5 {[%cal Rd2e4]} Be5 18. Bxe4 Bxe4 19. Ndxe4 Bxb2 20. Qxb2 h6 21. Nxf7 Kxf7 22. Nd6+ Kg8 (22... Kf8 $1 $11 {remains equal.}) 23. Qe2 ({Reject} 23. Nxc8 $6 Qxc8 24. Qd2 Re8 $14) ({White should play} 23. Re7 $1 $16 Qc6 24. Qe2 (24. Nxc8 Qxc8 25. Qe2 Kf8 $16)) 23... Nf8 24. Qc4+ Kh7 25. Nxc8 Rxc8 26. h4 Ng6 27. Qc2 h5 (27... c4 $11) 28. Qf5 $16 Rd8 29. Rxd8 $1 Qxd8 30. Qxc5 Qd2 31. Ra1 Qb2 32. Qc1 Qd4 (32... Qe5 $1 $14) 33. Qd1 Qb2 {With the idea ...Ng4.} 34. Qc1 (34. Rb1 $16 Qxa2 35. Ra1) 34... Qd4 $11 35. Qd1 $36 {[%mdl 2048] Black is under pressure.} Qe4 $2 (35... Qb2 $1 $11) 36. Rc1 $1 $18 Qf5 37. Rc4 $1 Ng4 (37... Qa5 $142 38. Qc2 Kh6) 38. Qc2 Qf6 39. Rf4 Qe6 40. Rf5 Qe1+ 41. Kg2 Kh6 42. Rd5 Qe6 43. Qd2+ Kh7 44. Rxh5+ Nh6 45. Qd3 Kh8 {Black wants to play ...Nf4+.} 46. Qd5 Qg4 47. Kh2 Qe2 48. Kg1 $1 Qxa2 (48... Qe8 {is a better defense.} 49. Qd4 Kh7) 49. Rg5 (49. Qd8+ $142 Kh7 50. Qd3) 49... Qb1+ 50. Kg2 Kh7 51. h5 (51. Qe6 $18) 51... Ne7 $16 52. Qe5 (52. Qb7 $142 Nhf5 53. Rg4) 52... Nef5 53. g4 ({White should try} 53. Qf4 $16 {aiming for g4.} Qd3 54. Qf3) 53... Nh4+ $11 54. Kg3 {[%csl Gg5][%cal Re5g7]} Qg1+ $2 {[%mdl 8192]} (54... N4f5+ $1 $11 {and Black has nothing to worry.} 55. Kh2 (55. gxf5 Qg1+ 56. Kh4 Qh1+ 57. Kg3 Qg1+ 58. Kh4 Qh1+ 59. Kg3 Qg1+ $11) 55... Qc1) 55. Kxh4 $18 {[%csl Gg5][%cal Re5g7]} Qxf2+ {[%mdl 4096] Endgame KQR-KQN} 56. Qg3 Qf1 $2 (56... Qf6 57. Qe5 Qf2+ 58. Qg3 Qf6) 57. Re5 Nf7 58. Re1 Qf6+ 59. g5 Qd4+ 60. Kh3 {Threatens to win with g6+.} Qd7+ 61. Kh2 $2 (61. Qg4 Nxg5+ 62. Kh4) 61... Qd2+ 62. Kh1 {And now g6+ would win.} Nxg5 63. Rg1 (63. b4 $16) 63... Kh6 (63... Qd5+ $11 {keeps the balance.} 64. Qg2 Qxb3) 64. Qg4 $16 Qd5+ 65. Rg2 Qe5 66. b4 a6 (66... Qa1+ $16 {was necessary.} 67. Rg1 Qe5) 67. Qg3 Qd5 {intending ...Qd1+.} 68. Qg4 Qe5 69. Re2 (69. Qe2 $16 Qf6 70. Qd3) 69... Qd5+ $1 $11 70. Kg1 {Strongly threatening Re8.} Nf3+ $2 {[%mdl 8192] [#]} (70... Qd1+ $1 $11 {and Black stays safe.} 71. Kf2 Qd6) 71. Kf2 $2 (71. Kf1 $1 $18 {[%csl Gh5][%cal Rg4g6]} Ng5 72. Qf4) 71... Ng5 72. Kg1 $2 {[%mdl 8192]} (72. Ke1 $11 Qh1+ 73. Kf2 Qh2+ 74. Ke3 Qe5+ 75. Kd3 Qd5+ 76. Qd4 Qb3+ 77. Qc3 Qd5+ 78. Qd4 Qb3+ 79. Qc3 Qd5+ 80. Qd4) 72... Nf3+ $18 {[#]} 73. Kf2 $2 (73. Kf1 $1 $18 {[%csl Gh5][%cal Rg4g6]} Ng5 74. Qf4) 73... Ng5 $11 74. Kg1 {Precision: White = 40%, Black = 50%.} 1/2-1/2

[Event "11th Mumbai Mayors Cup 2018"]
[Site "Mumbai"]
[Date "2018.06.04"]
[Round "2"]
[White "Khusenkhojaev, Muhammad"]
[Black "Bharath Subramaniyam H"]
[Result "1/2-1/2"]
[WhiteElo "2445"]
[BlackElo "2196"]
[Annotator "TA"]
[PlyCount "159"]
[EventDate "2018.??.??"]
[EventType "swiss"]
[EventCountry "IND"]
[SourceTitle "playchess.com"]
[Source "ChessBase"]
[SourceQuality "1"]

{[%evp 25,159,64,58,20,48,57,55,55,70,47,126,126,119,121,120,125,125,125,122,118,130,138,131,91,212,224,440,450,416,389,1248,1239,1170,1058,5502,1106,29989,722,3176,142,2961,2523,29990,29991,29991,29992,29992,795,774,786,781,773,733,718,517,0,0,0,0,0,0,0,0,0,0,0,0,0,0,0,0,0,0,0,0,0,0,0,0,0,0,0,0,0,0,0,0,-47,-42,-37,-50,-49,-49,-160,-47,-53,0,-41,-34,-1014,-1023,-765,-572,-994,-984,-1229,-890,-789,0,0,0,0,0,0,0,0,0,0,0,0,0,0,0,0,0,0,0,0,0,0,0,0,0,0,0,0]} 1. Nf3 Nf6 2. c4 c5 3. g3 b6 4. Bg2 Bb7 5. O-O e6 6. Nc3 Be7 7. d4 cxd4 8. Qxd4 O-O 9. Rd1 Qc8 10. Bf4 {A30: Symmetrical English: Double Fianchetto and Hedgehog} (10. b3 Na6 11. Bb2 d6 12. Rac1 Nc5 13. Qe3 Rd8 14. Nd4 Ng4 15. Qf4 Ne5 16. Bxb7 Qxb7 17. Qe3 Rac8 {0-1 (55) Carlsen,M (2857)-Grischuk,A (2754) chess.com INT 2016}) 10... Nc6 11. Qd2 Na5 12. b3 Bb4 13. Be5 Ne4 {LiveBook: 3 Games} 14. Qc2 Bxc3 15. Bxc3 Nxc3 16. Qxc3 {[#]} Qc7 $146 ({Predecessor:} 16... d5 17. Rac1 dxc4 {1-0 (38) Van Wely,L (2658)-Le Roux,J (2549) Drancy 2016}) 17. Qd3 d5 (17... Rfd8 $14) 18. cxd5 Bxd5 19. Ng5 $40 {[%csl Gg5][%cal Rd3h7][%mdl 128] White wants a kill.} g6 20. Bxd5 exd5 21. Qxd5 Rad8 22. Qf3 Rxd1+ 23. Rxd1 Qc2 24. e3 h6 (24... Qxa2 $16 25. b4 Nc4) 25. Ne4 $18 Qxa2 $2 (25... Nc6 26. Nf6+ Kg7) 26. Nf6+ Kg7 27. Nd7 Re8 $2 (27... Rc8 28. Qf6+ Kg8) 28. Qf6+ Kg8 29. Qd4 {Threatening mate with Nf6+.} Re6 30. Nf6+ (30. Qb4 $142 Qxb3 31. Qf8+ Kh7 32. Qxf7+ Kh8 33. Qf8+ Kh7 34. Nf6+ Rxf6 35. Rd7+ Rf7 36. Rxf7+ Qxf7 37. Qxf7+ Kh8 38. Qxa7) 30... Kf8 31. Nh5 (31. Qd8+ $142 Kg7 32. Qg8+ Kxf6 33. Qh8+ Kg5 34. Qd4 Re4 35. Qxe4 Qa4 36. bxa4) 31... Nc6 32. Qh8+ Ke7 33. Qc8 $1 {[%csl Gc8][%cal Rd1d7]} gxh5 34. Rd7+ Kf6 35. Qh8+ Kf5 36. Rxf7+ (36. Qh7+ $142 Kg5 37. Rxf7 Qa1+ 38. Kg2 Qg1+ 39. Kxg1 Nd4 40. exd4 Re1+ 41. Kg2 Rg1+ 42. Kxg1 h4 43. Qf5#) 36... Ke4 37. Qh7+ Kd5 38. Qd3+ Kc5 39. Rf5+ Ne5 {[#]} 40. Qd4+ $2 (40. f4 $1 $18 {Intending Qc4+ and mate.} Qa1+ 41. Kg2 Qb2+ 42. Kh3) 40... Kc6 $11 41. Qc3+ Kd6 42. Qd4+ Kc6 43. Rxe5 Rxe5 44. Qxe5 Qxb3 {[%mdl 4096] Endgame KQ-KQ} 45. Qe8+ Kc7 46. Qe7+ Kc6 47. Qe8+ Kc7 48. Qe7+ Kc6 49. Qf6+ Kc7 50. Qg7+ Kc8 51. Qh8+ Kb7 52. Qh7+ Kb8 53. e4 a5 54. e5 Qd1+ 55. Kg2 Qd5+ 56. Kh3 Qe6+ 57. Kg2 Qxe5 58. Qxh6 Qd5+ 59. Kh3 ({White should try} 59. Kf1 $15) 59... Kb7 ({Black should play} 59... Qd7+ $17 60. Kg2 a4) 60. Qh7+ $15 Ka6 61. f4 $1 a4 {[%cal Ba5a4,Ba4a3][%mdl 32] Strongly threatening ...a3.} 62. Qe7 $2 {[%mdl 8192] [#]} (62. Qc2 $15) 62... Qf5+ $1 $19 63. Kg2 Qd3 64. Qe5 {If only White now had time for f5....} a3 65. f5 Qc2+ 66. Kh3 Qb2 $2 (66... a2 $19 67. Qd5 Qe2 68. Qa8+ Kb5 69. Qd5+ Kb4 70. Qd4+ Ka5 71. Qc3+ Ka6 72. Qc8+ Ka5 73. Qc3+ Ka6 74. Qc8+ Kb5 75. Qd7+ Ka5 76. Qd5+ b5 77. Qa8+ Kb4) 67. Qe4 $11 {The position is equal.} b5 {Threatens to win with ...a2.} 68. Qe6+ Ka5 69. f6 a2 70. f7 Qa3 71. f8=Q Qxf8 72. Qxa2+ Kb6 (72... Kb4 $5 {[%cal Rf8f1]} 73. Qb2+ Ka5 $11) 73. Qe6+ Ka5 {White must now prevent ...Qf1+.} 74. Qa2+ Kb6 75. Qe6+ Ka5 {Hoping for ...Qf1+.} 76. Qa2+ Kb6 {And now ...Qf1+ would win.} 77. Qe6+ Ka5 78. Qa2+ Kb6 79. Qe6+ Ka5 {aiming for ...Qf1+.} 80. Qa2+ {Precision: White = 61%, Black = 50%.} 1/2-1/2

[Event "11th Mumbai Mayors Cup 2018"]
[Site "Mumbai"]
[Date "2018.06.04"]
[Round "2"]
[White "Manik, Mikulas"]
[Black "Pujari, Rucha"]
[Result "1-0"]
[WhiteElo "2399"]
[BlackElo "2180"]
[Annotator "TA"]
[PlyCount "82"]
[EventDate "2018.??.??"]
[EventType "swiss"]
[EventCountry "IND"]
[SourceTitle "playchess.com"]
[Source "ChessBase"]
[SourceQuality "1"]

{[%evp 14,82,33,21,95,92,112,91,128,55,68,21,29,10,20,-26,12,11,82,8,52,49,33,39,35,52,30,44,25,38,49,29,94,15,118,103,143,136,208,194,254,241,245,260,257,260,277,185,1150,782,984,779,795,756,754,749,772,783,770,760,840,836,893,854,854,845,842,839,832,793,29991]} 1. e4 c5 2. Nf3 e6 3. d4 cxd4 4. Nxd4 a6 5. Nc3 Qc7 6. Bd3 Nf6 7. f4 d6 8. O-O {LiveBook: 240 Games} Qb6 {B43: Sicilian: Kan Variation: 5 Nc3} (8... b5 $11) (8... Nbd7 9. Kh1 b5 10. Qe2 Bb7 11. Bd2 Be7 12. b4 O-O 13. a4 bxa4 14. Nxa4 d5 15. e5 Ne4 16. Be1 Nb6 17. Nb2 Rfd8 18. Qe3 Rac8 19. c4 Nd2 20. Bxd2 dxc4 {0-1 (39) Degraeve,J (2592)-Van Wely,L (2663) Chartres 2017}) 9. Be3 $146 ({Predecessor:} 9. Kh1 Nc6 10. Nb3 h5 11. Be2 Bd7 12. Bf3 g6 13. Qe2 Be7 14. Bd2 e5 15. Nd5 Qd8 16. Be3 {1-0 (31) Jovcic,M (2445)-Ninkovic,Z ICCF corr 1963}) 9... Nc6 10. Kh1 Bd7 {[#]White is better.} 11. e5 (11. Nxe6 $1 $16 Qxe3 12. Nc7+ Kd8 13. Nxa8) 11... dxe5 $14 12. Nxc6 (12. Nxe6 $5 Qxe3 13. Nc7+ Kd8 14. Nxa8 $14) 12... Qxe3 13. Nxe5 Rd8 14. Ng4 Qd4 15. Nxf6+ gxf6 (15... Qxf6 $11 16. Qf3 Bb4) 16. Qf3 (16. Qh5 $16) 16... Bc6 17. Be4 Bxe4 18. Nxe4 {Hoping for Rfd1.} f5 19. Ng5 $1 {Rfd1 is the strong threat.} Be7 20. Qxb7 Bxg5 21. fxg5 Rg8 22. c3 Qd2 (22... Qd6 $11 {keeps the balance.}) 23. h4 (23. Qxa6 $16 {Strongly threatening h4.} Rxg5 24. Qb7) 23... Qe2 (23... h6 $1 $11 {remains equal.}) 24. Rae1 Qg4 25. Qc6+ ({Not} 25. Qxa6 Qxh4+ 26. Kg1 Rg6 $11) 25... Ke7 {[#]} (25... Kf8 $16 {was worth a try.}) 26. Qc5+ $1 $18 Rd6 (26... Ke8 {was called for.}) 27. Kg1 Rgd8 28. Rxf5 Qxh4 29. Rf2 Ke8 30. Qe5 $40 {[%mdl 128] aiming for Ref1. White wants a kill.} R8d7 $2 (30... Qh5 31. Qh8+ Ke7 32. Qf6+ Kf8) 31. Qh8+ {White is clearly winning.} Ke7 32. g6 {[%csl Gg6][%cal Rf2f7]} Qxf2+ 33. Kxf2 hxg6 34. Qh4+ Ke8 35. Qb4 Rd2+ 36. Re2 Rd1 37. c4 g5 38. Qb8+ Rd8 39. Qe5 g4 40. Qh8+ Kd7 41. Qg7 Rd5 {Precision: White = 51%, Black = 29%.} 1-0